Experiencias didácticas para la enseñanza de la Filosofía en el aula

-д хадгалсан:
Номзүйн дэлгэрэнгүй
Үндсэн зохиолч: Gaete Vergara, Marcela (Зохиогч)
Формат: Ном
Хэл сонгох:испани
Хэвлэсэн: Santiago Universitaria 2015
Хэвлэл:1a. ed
Нөхцлүүд:
Шошгууд: Шошго нэмэх
Шошго байхгүй, Энэхүү баримтыг шошголох эхний хүн болох!

MARC

LEADER 00000cam a2200000 a 4500
001 UCC0818
003 CL-VaPUC
008 170908e20150000cl |||||||||||||||||spa|d
020 |a 9789561124851 
082 0 4 |a 107  |b GAE  |2 21 
100 0 |a Gaete Vergara, Marcela  |e author  |9 594827 
245 1 0 |a Experiencias didácticas para la enseñanza de la Filosofía en el aula 
250 |a 1a. ed 
300 |a 202 p 
942 |c BK 
945 |d 20170908 13:53:00  |a dcastane 
260 |a Santiago  |b Universitaria  |c 2015 
650 0 |a Enseñanza de la filosofía   |9 256848 
650 0 |a Didáctica   |9 369923 
583 |a last modification  |c 20170908 13:53:00  |k Rodrigo Vera 
999 |c 369524  |d 369522 
952 |0 0  |1 0  |3 erb  |4 0  |6 107_000000000000000_GAE_2015  |7 0  |8 A  |9 485385  |a BIBEDU  |b BIBEDU  |i 5421918  |l 1  |o 107 GAE 2015  |p 5421918  |r 2022-03-30  |s 2022-03-23  |w 2019-11-24  |y BK  |z Catalogado en:20170908  |k FIL